000 01092nam a22003377i 4500
001 020418431
003 CUTN
005 20170628120401.0
008 150716t20152015flua b 001 0 eng d
010 _a2015301536
020 _a1482223783
020 _a9781482223781
035 _a(OCoLC)ocn885471152
035 _a(DLC)2015301536
035 _a(UkLoRLUK)982015301536
040 _aYDXCP
_beng
_cYDXCP
_erda
_dBDX
_dBTCTA
_dCUS
_dOCLCO
_dOCLCF
_dLTSCA
_dDLC
_dUkOxU
042 _alccopycat
049 _ll
_m%
050 0 0 _aTP156.P6
_bR62 2015
082 0 4 _a668.9
_223
_bROD
100 1 0 _aRodriguez, Ferdinand,
_d1928-
_eauthor.
245 1 0 _aPrinciples of polymer systems /
_cFerdinand Rodriguez, Claude Cohen, Christopher K. Ober, Lynden A. Archer.
250 _aSixth edition.
300 _axx, 789 pages :
_billustrations ;
_c25 cm
500 _aPreviously published: New York : Taylor & Francis, 2003.
504 _aIncludes bibliographical references and index.
650 0 _aPolymers.
650 7 _aPolymers.
_2fast
942 _2ddc
_cBOOKS
999 _c22213
_d22213